[Event "8th HD Bank Cup 2018"]
[Site "Hanoi VIE"]
[Date "2018.03.12"]
[Round "4.8"]
[White "Zou, Chen"]
[Black "Deepan, Chakkravarthy J."]
[Result "1-0"]
[WhiteTitle "FM"]
[BlackTitle "GM"]
[WhiteElo "2291"]
[BlackElo "2520"]
[WhiteFideId "8610959"]
[BlackFideId "5011132"]
[EventDate "2018.03.10"]

1. e4 c5 2. Nf3 d6 3. d4 cxd4 4. Nxd4 Nf6 5. Nc3 e6 6. Be3 a6 7. f3 b5 8. Qd2
Nbd7 9. g4 Nb6 10. a4 Nc4 11. Bxc4 bxc4 12. a5 Bb7 13. Na4 e5 14. Nf5 g6 15. Bb6
Qd7 16. Ne3 Bh6 17. Qe2 Bf4 18. Nxc4 h5 19. g5 Bxg5 20. Be3 Bh4+ 21. Bf2 Bxf2+
22. Qxf2 Rd8 23. Nab6 Qc7 24. Qh4 Nd7 25. Nxd7 Qxc4 26. Nf6+ Kf8 27. Nd5 Kg7 28.
Qf6+ 1-0

[Event "8th HD Bank Cup 2018"]
[Site "Hanoi VIE"]
[Date "2018.03.12"]
[Round "4.9"]
[White "Le, Tuan Minh"]
[Black "Nguyen, Duc Hoa"]
[Result "1-0"]
[WhiteTitle "IM"]
[BlackTitle "GM"]
[WhiteElo "2489"]
[BlackElo "2463"]
[WhiteFideId "12401153"]
[BlackFideId "12401358"]
[EventDate "2018.03.10"]

1. d4 d5 2. c4 e6 3. Nf3 Nf6 4. Nc3 Be7 5. Bf4 O-O 6. e3 c6 7. Rc1 Nbd7 8. Bd3
dxc4 9. Bxc4 c5 10. O-O a6 11. Bb3 cxd4 12. exd4 Nb6 13. Re1 Nbd5 14. Nxd5 Nxd5
15. Be5 b6 16. Nd2 Bb7 17. Qg4 Nf6 18. Qg3 Rc8 19. Rxc8 Qxc8 20. Nc4 Qc6 21. Ne3
Qd7 22. Rd1 Rc8 23. h3 g6 24. Qf4 Nh5 25. Qg4 Bf6 26. Nc4 Qc6 27. Nd6 Rd8 28. d5
exd5 29. Bxd5 Qxd5 30. Rxd5 Bxd5 31. Bxf6 Nxf6 32. Qf4 Nh5 33. Qb4 b5 34. a3 Nf6
35. Qc5 Kg7 36. Qb6 Ra8 37. Qd4 h6 38. Qe5 Be6 39. Ne4 1-0

[Event "8th HD Bank Cup 2018"]
[Site "Hanoi VIE"]
[Date "2018.03.12"]
[Round "4.10"]
[White "Mareco, Sandro"]
[Black "Akshat, Khamparia"]
[Result "1-0"]
[WhiteTitle "GM"]
[BlackTitle "IM"]
[WhiteElo "2635"]
[BlackElo "2408"]
[WhiteFideId "112275"]
[BlackFideId "5016541"]
[EventDate "2018.03.10"]

1. d4 Nf6 2. Nf3 g6 3. c4 Bg7 4. g3 O-O 5. Bg2 d6 6. O-O Nc6 7. Nc3 a6 8. h3 Rb8
9. e4 e5 10. dxe5 dxe5 11. Be3 Be6 12. Qa4 Re8 13. Rfd1 Qc8 14. Kh2 h6 15. c5
Nh5 16. Nd5 f5 17. exf5 gxf5 18. Nh4 e4 19. Rd2 Ne5 20. Qd1 Bf7 21. Bf1 Nf6 22.
Nf4 Nh7 23. Qc2 Bf6 24. Be2 Kh8 25. Bd4 Ng5 26. Rad1 Kh7 27. b4 Re7 28. Kg2 Bg7
29. Bc3 Be8 30. Rd8 Qxd8 31. Rxd8 Rxd8 32. Nxf5 Rdd7 33. h4 Ne6 34. Nxe7 Rxe7
35. Bxe5 1-0

[Event "8th HD Bank Cup 2018"]
[Site "Hanoi VIE"]
[Date "2018.03.12"]
[Round "4.11"]
[White "Nguyen, Ngoc Truong Son"]
[Black "Raghunandan, Kaumandur Srihari"]
[Result "1-0"]
[WhiteTitle "GM"]
[BlackTitle "IM"]
[WhiteElo "2630"]
[BlackElo "2412"]
[WhiteFideId "12401110"]
[BlackFideId "25004964"]
[EventDate "2018.03.10"]

1. d4 Nf6 2. Nf3 g6 3. c4 Bg7 4. Nc3 d5 5. Qb3 dxc4 6. Qxc4 O-O 7. e4 Nc6 8. Be2
e5 9. d5 Nd4 10. Nxd4 exd4 11. Qxd4 c6 12. d6 Re8 13. Qd3 b5 14. a3 Be6 15. f3
Bc4 16. Qd1 Bxe2 17. Nxe2 Re6 18. Qc2 Qxd6 19. O-O Nd7 20. Be3 c5 21. Rad1 Qc6
22. Rd5 Bf8 23. Rfd1 Nb6 24. Rd8 Rxd8 25. Rxd8 Re8 26. Nd4 cxd4 27. Qxc6 Rxd8
28. Bd2 Nc4 29. Bg5 Rb8 30. b3 Nxa3 31. Qc7 Re8 32. Qd7 Re6 33. Qc8 1-0

[Event "8th HD Bank Cup 2018"]
[Site "Hanoi VIE"]
[Date "2018.03.12"]
[Round "4.12"]
[White "Wen, Yang"]
[Black "Vogt, Lothar"]
[Result "1-0"]
[WhiteTitle "GM"]
[BlackTitle "GM"]
[WhiteElo "2608"]
[BlackElo "2402"]
[WhiteFideId "8602956"]
[BlackFideId "4611292"]
[EventDate "2018.03.10"]

1. d4 Nf6 2. Nf3 g6 3. g3 Bg7 4. Bg2 O-O 5. O-O d6 6. b3 e5 7. dxe5 Nfd7 8. Bg5
Qe8 9. Nc3 Nxe5 10. Nd5 Nxf3+ 11. exf3 Qe5 12. Qd2 Na6 13. f4 Qd4 14. Qxd4 Bxd4
15. Rad1 1-0

[Event "8th HD Bank Cup 2018"]
[Site "Hanoi VIE"]
[Date "2018.03.12"]
[Round "4.13"]
[White "Bui, Vinh"]
[Black "Rozum, Ivan"]
[Result "1/2-1/2"]
[WhiteTitle "GM"]
[BlackTitle "GM"]
[WhiteElo "2400"]
[BlackElo "2582"]
[WhiteFideId "12400726"]
[BlackFideId "24104272"]
[EventDate "2018.03.10"]

1. d4 Nf6 2. Bg5 Ne4 3. Bf4 c5 4. f3 Nf6 5. d5 Nh5 6. Be3 e5 7. Qd2 d6 8. g4 Nf4
9. h4 Be7 10. Bf2 h5 11. g5 Ng6 12. e3 f5 13. c4 O-O 14. Nc3 f4 15. e4 Na6 16.
a3 Bd7 17. Nge2 Nc7 18. b4 b6 19. Nc1 a5 20. b5 Ra7 21. N1e2 Na8 1/2-1/2

[Event "8th HD Bank Cup 2018"]
[Site "Hanoi VIE"]
[Date "2018.03.12"]
[Round "4.14"]
[White "Shyaamnikhil, P"]
[Black "Lei, Tingjie"]
[Result "1/2-1/2"]
[WhiteTitle "IM"]
[BlackTitle "GM"]
[WhiteElo "2394"]
[BlackElo "2545"]
[WhiteFideId "5024218"]
[BlackFideId "8605114"]
[EventDate "2018.03.10"]

1. e4 e5 2. Nf3 Nc6 3. Bb5 Nf6 4. O-O Nxe4 5. Re1 Nd6 6. Nxe5 Be7 7. Bf1 Nxe5 8.
Rxe5 O-O 9. Nc3 Ne8 10. Nd5 Bd6 11. Re2 c6 12. Ne3 Be7 13. Qe1 Bg5 14. Nf5 d5
15. Ne7+ Bxe7 16. Rxe7 Nd6 17. Re2 Nf5 18. Qd1 Qf6 19. d3 Bd7 20. c3 Nh4 21. Qd2
Bg4 22. Re1 Rae8 1/2-1/2

[Event "8th HD Bank Cup 2018"]
[Site "Hanoi VIE"]
[Date "2018.03.12"]
[Round "4.15"]
[White "Sivuk, Vitaly"]
[Black "Hoang, Canh Huan"]
[Result "1/2-1/2"]
[WhiteTitle "GM"]
[BlackTitle "FM"]
[WhiteElo "2526"]
[BlackElo "2402"]
[WhiteFideId "14116502"]
[BlackFideId "12400599"]
[EventDate "2018.03.10"]

1. d4 Nf6 2. c4 e6 3. Nf3 b6 4. g3 Bb7 5. Bg2 Bb4+ 6. Bd2 a5 7. O-O O-O 8. Qc2
Be4 9. Qc1 c6 10. Bf4 d5 11. c5 a4 12. a3 Ba5 13. Nc3 bxc5 14. dxc5 Bc7 15. Bg5
Bxf3 16. Bxf3 Nbd7 17. Qc2 Be5 18. Nxa4 Qa5 19. Nb6 Nxb6 20. cxb6 Qxb6 21. Rab1
Rfb8 22. Be3 Qb3 23. Qd2 Nd7 24. Rfc1 Nb6 25. Rxc6 Nc4 26. Qd3 Qxd3 27. exd3
Nxa3 28. Ra1 Bxb2 29. Ra2 Bf6 30. Bf4 Rd8 31. Rb6 Nc4 32. Rxa8 Nxb6 33. Ra6 Nd7
34. Ra7 g6 35. h4 h5 36. Rc7 Nb6 37. Rc6 Na4 38. Kf1 Kg7 39. Rc7 Re8 40. Bd6 Nc3
41. Rb7 Ra8 42. g4 Ra6 43. Bg3 hxg4 44. Bxg4 Na4 45. Rc7 Nb2 46. Be2 Ra1+ 47.
Kg2 Ra3 48. Bg4 Ra6 49. Be2 Ra3 50. Bg4 Ra6 51. Be2 Ra3 52. Bg4 Rc3 53. Rb7 Rc6
54. Be2 Bd4 55. Rb4 Rc2 56. Kf1 Bf6 57. Rb7 Rc1+ 58. Kg2 Rc2 59. Kf1 Rc1+ 60.
Kg2 Re1 61. Bf1 Na4 62. Rb3 Nc5 63. Rb5 Bd4 64. Rb4 Bc3 65. Rb5 Nd7 66. Rb3 Rc1
67. Be2 Be5 68. f4 Bd4 69. h5 Rc2 70. Kf1 Rc1+ 71. Kg2 gxh5 72. Bxh5 Rc2+ 73.
Kf1 Nc5 74. Ra3 Rc1+ 75. Kg2 Rc2+ 76. Kf1 Rd2 77. Be2 Nd7 78. Rb3 Nf8 79. f5
exf5 80. Rb5 Ne6 81. Rxd5 Kg6 82. Rd7 Rc2 83. Bf3 Rc1+ 84. Ke2 Rc2+ 85. Kd1 Rc3
86. Kd2 Ra3 87. Bd5 Bf6 88. Bc4 f4 89. Bxe6 fxg3 90. Bxf7+ Kf5 91. Bd5 g2 92.
Bxg2 Ra2+ 93. Ke3 Rxg2 94. Rd5+ Ke6 95. Rb5 Rg3+ 96. Ke4 Rg4+ 97. Kf3 Rh4 98.
Rb8 Be5 99. Re8+ Kd5 100. Rd8+ Bd6 101. Ke3 Rh3+ 102. Ke2 Ke5 103. Kd2 Bc7 104.
Rd7 Ba5+ 105. Kc2 Bb6 106. Rb7 Bd4 107. Rb5+ Kf4 108. Rb8 Rh2+ 109. Kd1 Ke3 110.
Rb3 Ra2 111. Kc1 Ke2 112. Kb1 Ra8 113. Kc2 Rc8+ 114. Kb1 Kd2 115. Ka2 Kc2 116.
Ra3 Rb8 117. Ra6 Rb3 118. Rh6 Rxd3 119. Rh2+ Kc3 120. Rc2+ Kb4 121. Kb1 Bc3 122.
Rh2 Kb3 123. Rb2+ Kc4 124. Rh2 Rd1+ 125. Kc2 Ra1 126. Re2 Ra8 127. Re4+ Bd4 128.
Re2 Ra3 129. Kd2 Ra1 130. Kc2 Rh1 131. Kd2 Rh3 132. Kc2 Be3 133. Rg2 Bf4 134.
Kd1 Kd4 135. Kc2 Rc3+ 136. Kb1 Be5 137. Rc2 Rg3 138. Re2 Kd5 139. Kc2 Ra3 140.
Kd1 Bd4 141. Kc2 Rc3+ 142. Kd2 Kc4 143. Kd1 Kd3 144. Rd2+ Ke4 145. Rc2 Ra3 146.
Ke2 Ra1 147. Kd2 Ra3 148. Ke2 Rg3 149. Kd1 Rg1+ 150. Ke2 Rh1 151. Kd2 Be5 152.
Ke2 Rh3 153. Rc4+ Bd4 154. Rc2 Rd3 155. Rc4 Re3+ 156. Kd2 Rf3 157. Rc2 Be3+ 158.
Ke2 Rf2+ 159. Kd1 Rf1+ 160. Ke2 Rh1 161. Rc4+ Bd4 162. Rc2 Rg1 163. Kd2 Rg3 164.
Ke2 Bc3 165. Kf2 Rh3 166. Ke2 Re3+ 167. Kf2 Kf4 168. Kf1 Bd4 1/2-1/2

[Event "8th HD Bank Cup 2018"]
[Site "Hanoi VIE"]
[Date "2018.03.12"]
[Round "4.16"]
[White "Xu, Yi"]
[Black "Sammed Jaykumar, Shete"]
[Result "1/2-1/2"]
[WhiteTitle "IM"]
[WhiteElo "2499"]
[BlackElo "2382"]
[WhiteFideId "8605564"]
[BlackFideId "5073421"]
[EventDate "2018.03.10"]

1. e4 e5 2. Nf3 Nc6 3. Bb5 a6 4. Ba4 Nf6 5. O-O Be7 6. Re1 b5 7. Bb3 O-O 8. d4
Nxd4 9. Bxf7+ Rxf7 10. Nxe5 Rf8 11. Qxd4 c5 12. Qd1 Bb7 13. Nc3 b4 14. Nd5 Nxd5
15. exd5 Bd6 16. f4 Qc7 17. c4 bxc3 18. bxc3 c4 19. Rb1 Rae8 20. Be3 Ba8 21. Bb6
Bc5+ 22. Bxc5 Qxc5+ 23. Qd4 Qxd4+ 24. cxd4 Bxd5 25. Nxd7 Rxe1+ 26. Rxe1 Rd8 27.
Nc5 Bf7 28. Rd1 Bg6 29. Kf2 c3 30. Nb3 a5 31. Nxa5 c2 32. Rc1 Rxd4 33. Ke3 Re4+
34. Kf3 Ra4 35. Nb3 Rxa2 36. Nd4 Ra3+ 1/2-1/2

[Event "8th HD Bank Cup 2018"]
[Site "Hanoi VIE"]
[Date "2018.03.12"]
[Round "4.17"]
[White "Pena Gomez, Manuel"]
[Black "Taher, Yoseph Theolifus"]
[Result "1-0"]
[WhiteTitle "IM"]
[BlackTitle "FM"]
[WhiteElo "2478"]
[BlackElo "2375"]
[WhiteFideId "2252813"]
[BlackFideId "7105347"]
[EventDate "2018.03.10"]

1. g3 c5 2. Bg2 Nc6 3. c4 g6 4. Nc3 Bg7 5. e4 e6 6. d3 Nge7 7. Nge2 d6 8. a3 Rb8
9. O-O O-O 10. Rb1 b6 11. b4 Bb7 12. Be3 Nd4 13. Qd2 Re8 14. Rfc1 Qd7 15. Bh6
Bh8 16. Nxd4 cxd4 17. Ne2 d5 18. exd5 exd5 19. c5 Qa4 20. Bf4 Ra8 21. Qc2 Qd7
22. b5 bxc5 23. Qxc5 Nf5 24. Qc7 Rad8 25. Rb2 Ng7 26. Qxd7 Rxd7 27. Rbc2 Ne6 28.
a4 a6 29. b6 a5 30. Bd2 Rd6 31. Rb2 Bf6 32. Bxa5 Ra8 33. Rc7 Nd8 34. Rb5 Be5 35.
Bb4 Rxb6 36. Re7 Re6 37. Rexb7 Nxb7 38. Rxb7 Rd8 39. Rb5 Bd6 40. Nxd4 Ree8 41.
Nc6 Rd7 42. Rxd5 Re6 43. a5 1-0

[Event "8th HD Bank Cup 2018"]
[Site "Hanoi VIE"]
[Date "2018.03.12"]
[Round "4.18"]
[White "Cao, Sang"]
[Black "Dao, Thien Hai"]
[Result "1/2-1/2"]
[WhiteTitle "GM"]
[BlackTitle "GM"]
[WhiteElo "2381"]
[BlackElo "2474"]
[WhiteFideId "725056"]
[BlackFideId "12400084"]
[EventDate "2018.03.10"]

1. e4 e5 2. Nf3 Nf6 3. d4 Nxe4 4. Bd3 d5 5. Nxe5 Be7 6. O-O O-O 7. c4 Nf6 8. Nc3
c6 9. Re1 Be6 10. cxd5 cxd5 11. Bf4 Nbd7 12. Qb3 Nxe5 13. Bxe5 Qb6 14. Qxb6 axb6
15. Nb5 Bb4 16. Rec1 Nd7 17. Bd6 Bxd6 18. Nxd6 Ra4 19. Nb5 Rb8 20. b3 Ra5 21. a4
Nf8 22. f3 Bd7 23. Kf2 Bxb5 24. Bxb5 Ne6 25. Ke3 Rd8 1/2-1/2

[Event "8th HD Bank Cup 2018"]
[Site "Hanoi VIE"]
[Date "2018.03.12"]
[Round "4.19"]
[White "Santiago, Yago De Moura"]
[Black "Vo, Thanh Ninh"]
[Result "1-0"]
[WhiteTitle "GM"]
[BlackTitle "IM"]
[WhiteElo "2473"]
[BlackElo "2370"]
[WhiteFideId "2103877"]
[BlackFideId "12402141"]
[EventDate "2018.03.10"]

1. d4 d5 2. c4 c6 3. Nf3 Nf6 4. Nc3 a6 5. Qc2 g6 6. e4 dxe4 7. Nxe4 Nxe4 8. Qxe4
Bg7 9. Be2 Bf5 10. Qh4 Nd7 11. O-O e5 12. Bg5 f6 13. Be3 O-O 14. Rad1 Qe7 15.
dxe5 Nxe5 16. Nd4 Be6 17. b3 Bf7 18. Rfe1 c5 19. Nf3 Rad8 20. Qg3 b6 21. Nxe5
fxe5 22. h4 Bf6 23. h5 Bh4 24. Qg4 Be6 25. Qe4 Bf5 26. Qc6 Qf6 27. Qxf6 Bxf6 28.
g4 Bc2 29. Rxd8 Rxd8 30. g5 Be7 31. Bf3 gxh5 32. Bf4 exf4 33. Rxe7 Bg6 34. Bd5+
Kf8 35. Re6 Rb8 36. Kg2 a5 37. Kf3 Bb1 38. a3 Bc2 39. Kxf4 Bxb3 40. Rh6 Kg7 41.
Be4 Bxc4 42. Rxh7+ Kg8 43. g6 Rf8+ 44. Kg3 Re8 45. f3 b5 46. Rxh5 Rc8 47. f4 Re8
48. Kf3 Be2+ 49. Kxe2 Rxe4+ 50. Kf3 Re1 51. Kg4 Rg1+ 52. Kf5 b4 53. Kf6 Rg4 54.
f5 b3 55. Rh7 Rd4 56. Rb7 Rd6+ 57. Kg5 c4 58. Rb8+ Kg7 59. f6+ Rxf6 60. Rb7+ Rf7
61. Rxf7+ Kg8 62. Rb7 a4 1-0

[Event "8th HD Bank Cup 2018"]
[Site "Hanoi VIE"]
[Date "2018.03.12"]
[Round "4.20"]
[White "Tran, Minh Thang"]
[Black "Liu, Guanchu"]
[Result "1-0"]
[WhiteTitle "IM"]
[BlackTitle "IM"]
[WhiteElo "2366"]
[BlackElo "2460"]
[WhiteFideId "12401080"]
[BlackFideId "8603901"]
[EventDate "2018.03.10"]

1. d4 e6 2. Nf3 Nf6 3. Bf4 b6 4. e3 Be7 5. h3 Bb7 6. Nbd2 O-O 7. Bd3 d5 8. Ne5
Nbd7 9. c3 Ne4 10. O-O Nxe5 11. dxe5 Nc5 12. Bc2 Ba6 13. Qg4 Bxf1 14. Bh6 g6 15.
Bxf8 Bd3 16. Bxe7 Qxe7 17. Bb1 a5 18. Qd4 Bxb1 19. Rxb1 Qg5 20. g4 f5 21. exf6
Rf8 22. b4 Nb7 23. c4 axb4 24. cxd5 Qxd5 25. Rxb4 Qxd4 26. Rxd4 Rxf6 27. Ne4 Rf7
28. g5 Kg7 29. Kg2 h6 30. gxh6+ Kxh6 31. f4 Re7 32. Rc4 c5 33. Ra4 Nd8 34. Ra6
Rb7 35. Nd6 Rb8 36. Ra7 g5 37. Rd7 Kg6 38. fxg5 Nc6 39. Nc4 Kxg5 40. Rd6 Nb4 41.
Nxb6 Nxa2 42. Rxe6 Kf5 43. Rc6 Ke4 44. Nd7 Rb2+ 45. Kg3 Rc2 46. Rxc5 Rxc5 47.
Nxc5+ Kxe3 48. h4 Kd4 49. Kf4 Nc3 50. h5 Ne2+ 1-0

[Event "8th HD Bank Cup 2018"]
[Site "Hanoi VIE"]
[Date "2018.03.12"]
[Round "4.22"]
[White "Harsha, Bharathakoti"]
[Black "Sharma, Dinesh K."]
[Result "1-0"]
[WhiteTitle "IM"]
[BlackTitle "IM"]
[WhiteElo "2443"]
[BlackElo "2247"]
[WhiteFideId "5078776"]
[BlackFideId "5004110"]
[EventDate "2018.03.10"]

1. d4 d5 2. c4 c6 3. Nf3 Nf6 4. e3 Bg4 5. h3 Bh5 6. g4 Bg6 7. Ne5 e6 8. Nc3 Nfd7
9. Nxg6 hxg6 10. Qb3 Qb6 11. Bd2 Be7 12. e4 dxe4 13. Qxb6 axb6 14. Nxe4 Nf6 15.
Bg2 Nxe4 16. Bxe4 Nd7 17. Bc3 Bf6 18. f4 g5 19. fxg5 Bxg5 20. Bg2 Bh4+ 21. Ke2
f6 22. a4 Kf7 23. b4 Rhe8 24. Kd3 Rad8 25. Ke2 e5 26. d5 e4 27. dxc6 bxc6 28.
Rhd1 c5 29. b5 Ne5 30. Rxd8 Rxd8 31. Bxe5 fxe5 32. Bxe4 Rd6 33. a5 bxa5 34. Rxa5
Bd8 35. Ra7+ Kf8 36. Bd5 g5 37. Rf7+ Ke8 38. Rh7 Rf6 39. Bc6+ Kf8 40. Rh8+ Ke7
41. Re8+ 1-0

[Event "8th HD Bank Cup 2018"]
[Site "Hanoi VIE"]
[Date "2018.03.12"]
[Round "4.23"]
[White "Gara, Ticia"]
[Black "Nguyen, Anh Khoi"]
[Result "0-1"]
[WhiteTitle "WGM"]
[BlackTitle "IM"]
[WhiteElo "2357"]
[BlackElo "2435"]
[WhiteFideId "717444"]
[BlackFideId "12404675"]
[EventDate "2018.03.10"]

1. Nf3 g6 2. e4 Bg7 3. d4 d6 4. Nc3 a6 5. a4 Nf6 6. Be2 O-O 7. O-O Nc6 8. h3 e5
9. dxe5 dxe5 10. Bc4 Be6 11. Bxe6 fxe6 12. Bg5 Qe8 13. Qd3 Nh5 14. Ne2 h6 15.
Be3 Nf4 16. Bxf4 exf4 17. Qb3 Na5 18. Qa2 c5 19. Rad1 b5 20. c3 Kh7 21. Rd3 c4
22. Rdd1 Nb7 23. Ra1 e5 24. Qa3 Qc6 25. axb5 axb5 26. Qxa8 Rxa8 27. Rxa8 Qxe4
28. Nc1 Nc5 29. Rd8 Qb7 30. Re1 Qc7 31. Rd5 Qc6 32. Rd8 0-1

[Event "8th HD Bank Cup 2018"]
[Site "Hanoi VIE"]
[Date "2018.03.12"]
[Round "4.24"]
[White "Wang, Jue"]
[Black "Pascua, Haridas"]
[Result "1/2-1/2"]
[WhiteTitle "WGM"]
[BlackTitle "IM"]
[WhiteElo "2354"]
[BlackElo "2431"]
[WhiteFideId "8604070"]
[BlackFideId "5203953"]
[EventDate "2018.03.10"]

1. e4 e5 2. Nf3 Nc6 3. Bb5 a6 4. Ba4 Nf6 5. O-O b5 6. Bb3 Be7 7. d3 d6 8. c3 O-O
9. Nbd2 Na5 10. Bc2 c5 11. Re1 Re8 12. Nf1 Bf8 13. Ne3 g6 14. Bd2 Bb7 15. b4 Nc6
16. bxc5 dxc5 17. Qb1 Qd7 18. a4 b4 19. Nc4 Rab8 20. a5 Ba8 21. Nb6 Qa7 22. Qa2
bxc3 23. Bxc3 Nb4 24. Qb1 Nd7 25. Nxd7 Qxd7 26. Nxe5 1/2-1/2

[Event "8th HD Bank Cup 2018"]
[Site "Hanoi VIE"]
[Date "2018.03.12"]
[Round "4.25"]
[White "Setyaki, Azarya Jodi"]
[Black "Diu, Viacheslav"]
[Result "1/2-1/2"]
[WhiteTitle "FM"]
[BlackTitle "IM"]
[WhiteElo "2331"]
[BlackElo "2426"]
[WhiteFideId "7101589"]
[BlackFideId "4167465"]
[EventDate "2018.03.10"]

1. e4 e5 2. Nf3 Nc6 3. Bb5 a6 4. Ba4 Nf6 5. O-O Bc5 6. Nxe5 Nxe5 7. d4 b5 8.
dxe5 Nxe4 9. Bb3 Bb7 10. Qg4 Qe7 11. Nd2 Qxe5 12. Nxe4 Qxe4 13. Qxe4+ Bxe4 14.
Re1 f5 15. Bg5 h6 16. Bd5 c6 1/2-1/2

[Event "8th HD Bank Cup 2018"]
[Site "Hanoi VIE"]
[Date "2018.03.12"]
[Round "4.26"]
[White "Tu, Hoang Thong"]
[Black "Mithil, Ajgaonkar"]
[Result "1/2-1/2"]
[WhiteTitle "GM"]
[WhiteElo "2414"]
[BlackElo "2222"]
[WhiteFideId "12400076"]
[BlackFideId "5017343"]
[EventDate "2018.03.10"]

1. f4 d5 2. Nf3 g6 3. g3 Bg7 4. Bg2 Nf6 5. O-O O-O 6. d3 c6 7. e3 Nbd7 8. Nc3
Re8 9. d4 Rf8 10. h3 Ne8 11. e4 dxe4 12. Nxe4 Nd6 13. Nf2 c5 14. d5 b5 15. Re1
Bb7 16. a4 Nb6 17. axb5 Bxd5 18. Qe2 e6 19. Ne5 Nf5 20. Bxd5 exd5 21. g4 Nd4 22.
Qd3 Qe8 23. Be3 Qxb5 24. Qxb5 Nxb5 25. Bxc5 Rfc8 26. b4 Nc4 27. Nfd3 a5 28. bxa5
Rxa5 29. Rxa5 Nxa5 1/2-1/2

[Event "8th HD Bank Cup 2018"]
[Site "Hanoi VIE"]
[Date "2018.03.12"]
[Round "4.27"]
[White "Gomes, Mary Ann"]
[Black "Vishnu Prasanna, V"]
[Result "0-1"]
[WhiteTitle "WGM"]
[BlackTitle "GM"]
[WhiteElo "2318"]
[BlackElo "2526"]
[WhiteFideId "5013623"]
[BlackFideId "5030692"]
[EventDate "2018.03.10"]

1. Nf3 d5 2. g3 g6 3. Bg2 Bg7 4. c4 e6 5. O-O Ne7 6. d3 O-O 7. Qc2 b6 8. e4 c5
9. exd5 exd5 10. Nc3 Nbc6 11. a3 h6 12. Re1 Be6 13. h4 dxc4 14. dxc4 Bxc4 15.
Rd1 Nd4 16. Nxd4 cxd4 17. Bxa8 Qxa8 18. Ne2 Rc8 19. Nxd4 Bf1 20. Rxf1 Rxc2 21.
Nxc2 Nf5 22. Re1 Qc6 23. Nb4 Qf3 24. Nc2 Nxg3 25. fxg3 Qxg3+ 26. Kf1 Qf3+ 27.
Kg1 Qg4+ 28. Kh1 Qxh4+ 0-1

[Event "8th HD Bank Cup 2018"]
[Site "Hanoi VIE"]
[Date "2018.03.12"]
[Round "4.28"]
[White "Dang, Hoang Son"]
[Black "Nguyen, Anh Dung"]
[Result "1-0"]
[WhiteTitle "FM"]
[BlackTitle "GM"]
[WhiteElo "2317"]
[BlackElo "2491"]
[WhiteFideId "12402435"]
[BlackFideId "12400025"]
[EventDate "2018.03.10"]

1. d4 Nf6 2. c4 e6 3. Nf3 b6 4. g3 Ba6 5. Qa4 c6 6. Nc3 Be7 7. Bf4 d6 8. Bg2 O-O
9. Rc1 Bb7 10. O-O Nbd7 11. Rfd1 a6 12. e4 b5 13. Qb3 Nh5 14. Be3 Rb8 15. e5 g6
16. cxb5 axb5 17. exd6 Bxd6 18. Ne5 Nhf6 19. Nxc6 Bxc6 20. Bxc6 Ng4 21. Nxb5
Nxe3 22. Qxe3 Be7 23. a4 Nb6 24. b3 Nd5 25. Qe4 Bg5 26. Rc5 Be7 27. Rc2 Nb4 28.
Rc4 Rc8 29. Qf3 Qb6 30. Be4 Rcd8 31. Qc3 Nd5 32. Bxd5 Rxd5 33. Rc6 Qd8 34. Rc1
Bg5 35. Rc8 Qe7 36. Rxf8+ Qxf8 37. Rc2 Bf6 38. Qe3 Qd8 39. Rc4 Kg7 40. Qe4 h5
41. h4 g5 42. hxg5 Rxg5 43. Rc5 Rg4 44. Qf3 Bg5 45. d5 e5 46. Rc7 Bf6 47. d6 e4
48. Qf5 e3 49. Qxh5 Rg6 50. Qd5 Qe8 51. d7 Qd8 52. fxe3 Rxg3+ 53. Kf2 Qe7 54.
Qxf7+ Kxf7 55. d8=Q 1-0

[Event "8th HD Bank Cup 2018"]
[Site "Hanoi VIE"]
[Date "2018.03.12"]
[Round "4.29"]
[White "Anand, Nadar"]
[Black "Raja, Harshit"]
[Result "1/2-1/2"]
[WhiteTitle "FM"]
[BlackTitle "IM"]
[WhiteElo "2262"]
[BlackElo "2444"]
[WhiteFideId "25009141"]
[BlackFideId "5089000"]
[EventDate "2018.03.10"]

1. d4 Nf6 2. c4 e6 3. g3 d5 4. Bg2 Be7 5. Nf3 O-O 6. O-O dxc4 7. Qc2 b6 8. Nbd2
Bb7 9. Nxc4 Be4 10. Qb3 Nc6 11. Be3 Bd5 12. Qc3 Ne4 13. Qc1 Rc8 14. Rd1 Nd6 15.
Nfe5 Bxg2 16. Kxg2 Nxc4 17. Qxc4 Na5 18. Qc3 Qd5+ 19. f3 Qb5 20. Nd3 Rfd8 21. b4
Nc4 22. Bf2 Qa6 23. a4 c6 24. e4 Bg5 25. f4 Be7 26. e5 b5 27. axb5 Qb7 28. Nc5
Bxc5 29. dxc5 cxb5+ 30. Qf3 Qb8 31. c6 a5 32. Rxd8+ Rxd8 33. bxa5 Nd2 34. Qe2
Nc4 35. Qf3 Nd2 36. Qe2 Nc4 37. Qf3 1/2-1/2

[Event "8th HD Bank Cup 2018"]
[Site "Hanoi VIE"]
[Date "2018.03.12"]
[Round "4.30"]
[White "Abelgas, Roel"]
[Black "Dimakiling, Oliver"]
[Result "1/2-1/2"]
[WhiteTitle "FM"]
[BlackTitle "IM"]
[WhiteElo "2273"]
[BlackElo "2441"]
[WhiteFideId "5200970"]
[BlackFideId "5202248"]
[EventDate "2018.03.10"]

1. d4 Nf6 2. c4 e6 3. Nf3 d5 4. cxd5 exd5 5. Nc3 Be6 6. Bg5 Nbd7 7. e3 a6 8. Be2
Be7 9. O-O O-O 10. Rc1 h6 11. Bh4 Rc8 12. Qb3 b5 13. a4 c6 14. Qa2 Qb6 15. Ne5
Nxe5 16. dxe5 d4 17. Qb1 dxc3 18. exf6 Bxf6 19. Bxf6 gxf6 20. Rxc3 c5 21. axb5
axb5 22. e4 Rfd8 23. Rg3+ Kf8 24. Qc1 Ke7 25. Qxh6 c4 26. e5 fxe5 27. Rf3 Rd4
28. Qf6+ Kd6 29. Re3 Qc5 30. Re1 b4 31. Bf3 Rf4 32. Rd1+ Kc7 33. Qg7 Rd4 34. Rc1
Rd2 35. Rxe5 Qxf2+ 36. Kh1 Rcd8 37. Rce1 R8d7 38. Qf8 R2d5 39. Qh8 Qxb2 40. Bxd5
Rxd5 41. h3 Rxe5 42. Rxe5 Qc1+ 43. Kh2 Qf4+ 44. Kh1 b3 45. Ra5 Qe4 46. Ra8 Bd5
47. Qb8+ Kd7 48. Qa7+ Ke6 1/2-1/2

[Event "8th HD Bank Cup 2018"]
[Site "Hanoi VIE"]
[Date "2018.03.12"]
[Round "4.31"]
[White "Czebe, Attila"]
[Black "Nitish, Belurkar"]
[Result "1-0"]
[WhiteTitle "GM"]
[BlackTitle "FM"]
[WhiteElo "2436"]
[BlackElo "2293"]
[WhiteFideId "705268"]
[BlackFideId "5084768"]
[EventDate "2018.03.10"]

1. Nf3 d5 2. d4 Nf6 3. c4 e6 4. cxd5 exd5 5. Nc3 c6 6. Bg5 Be7 7. Qc2 Nbd7 8. e3
h6 9. Bh4 O-O 10. Bd3 Re8 11. O-O Ne4 12. Bxe7 Qxe7 13. Bxe4 dxe4 14. Nd2 Nf6
15. Rac1 Bg4 16. Rfe1 Rad8 17. Qa4 a6 18. Qa3 Qe6 19. Qb3 c5 20. Qxe6 Bxe6 21.
Ne2 cxd4 22. Nxd4 Bd7 23. Nc4 1-0